Womens Literature in Indian Languages (1850 to 2000 ) Vol- II (Record no. 418884)

MARC details
000 -LEADER
fixed length control field 00359nam a2200157Ia 4500
008 - FIXED-LENGTH DATA ELEMENTS--GENERAL INFORMATION
fixed length control field 230605s9999 xx 000 0 und d
041 ## - LANGUAGE CODE
Language code of text/sound track or separate title eng
100 ## - MAIN ENTRY--PERSONAL NAME
Personal name Khandge
245 ## - TITLE STATEMENT
Title Womens Literature in Indian Languages (1850 to 2000 ) Vol- II
250 ## - EDITION STATEMENT
Edition statement 1st
300 ## - PHYSICAL DESCRIPTION
Extent 590
365 ## - TRADE PRICE
Price amount 0
500 ## - GENERAL NOTE
General note 1952
520 ## - SUMMARY, ETC.
Summary, etc. General
650 ## - SUBJECT ADDED ENTRY--TOPICAL TERM
Topical term or geographic name entry element G.SKILL

No items available.